|
|
|
|
| LEADER |
02167nam a2200421Ia 4500 |
| 001 |
EBC364700 |
| 003 |
MiAaPQ |
| 005 |
20200520144314.0 |
| 006 |
m o d | |
| 007 |
cr cn||||||||| |
| 008 |
080616s2008 gw ab sb 100 0 eng d |
| 020 |
|
|
|z 9783598220388 (hd. bd.)
|
| 020 |
|
|
|z 3598220383 (hd. bd.)
|
| 035 |
|
|
|a (MiAaPQ)EBC364700
|
| 035 |
|
|
|a (Au-PeEL)EBL364700
|
| 035 |
|
|
|a (CaPaEBR)ebr10256559
|
| 035 |
|
|
|a (CaONFJC)MIL219737
|
| 035 |
|
|
|a (OCoLC)572058309
|
| 040 |
|
|
|a MiAaPQ
|c MiAaPQ
|d MiAaPQ
|
| 050 |
|
4 |
|a Z678.9.A1
|b M36 2008
|
| 245 |
0 |
0 |
|a Managing technologies and automated library systems in developing countries
|h [electronic resource] :
|b open source vs commercial options : proceedings of the IFLA pre-conference satellite meeting = Le management des technologies et des systemes automatises de bibliotheques dans les pays en developpement : logiciels libres vs options commerciales : actes du colloque satellite FIAB pre-congres /
|c edited by Bernard Dione and Rejean Savard.
|
| 246 |
3 |
1 |
|a Management des technologies et des systemes automatises de bibliotheques dans les pays en developpement :
|b logiciels libres vs options commerciales : actes du colloque satellite FIAB pre-congres
|
| 260 |
|
|
|a Munchen :
|b K.G. Saur,
|c 2008.
|
| 300 |
|
|
|a 217 p. :
|b ill., map.
|
| 490 |
1 |
|
|a IFLA publications,
|x 0344-6891 ;
|v 132
|
| 500 |
|
|
|a "Dakar, Senegal, August 15-16 Aout 2007."
|
| 504 |
|
|
|a Includes bibliographical references.
|
| 533 |
|
|
|a Electronic reproduction. Ann Arbor, MI : ProQuest, 2015. Available via World Wide Web. Access may be limited to ProQuest affiliated libraries.
|
| 546 |
|
|
|a Papers in English and French.
|
| 650 |
|
0 |
|a Integrated library systems (Computer systems)
|z Developing countries
|v Congresses.
|
| 650 |
|
0 |
|a Libraries
|x Automation
|v Congresses.
|
| 655 |
|
4 |
|a Electronic books.
|
| 700 |
1 |
|
|a Dione, Bernard.
|
| 700 |
1 |
|
|a Savard, Rejean,
|d 1950-
|
| 710 |
2 |
|
|a International Federation of Library Associations and Institutions.
|
| 710 |
2 |
|
|a ProQuest (Firm)
|
| 830 |
|
0 |
|a IFLA publications ;
|v 132.
|
| 856 |
4 |
0 |
|u https://ebookcentral.proquest.com/lib/matrademy/detail.action?docID=364700
|z Click to View
|